[Event "Paleochora op 17th"]
[Site "Paleochora"]
[Date "2024.07.20"]
[Round "1"]
[White "Solakoglu, Ozgur"]
[Black "Vlachos, Anatole"]
[Result "0-1"]
[WhiteElo "1950"]
[BlackElo "2472"]
[PlyCount "90"]
[EventDate "2024.07.20"]
[EventType "swiss"]
[EventRounds "9"]
[EventCountry "GRE"]
[SourceTitle "CBM 221 Extra"]
[Source "ChessBase"]
[SourceDate "2024.09.30"]
[SourceVersion "1"]
[SourceVersionDate "2024.09.30"]
[SourceQuality "1"]

1. e4 e5 2. Nf3 Nc6 3. Bb5 a6 4. Bxc6 dxc6 5. 0-0 Qf6 6. d4 exd4 7. Bg5 Qd6 8. Qxd4 Qxd4 9. Nxd4 Bd7 10. Nc3 Ne7 11. Rad1 Ng6 12. Rfe1 f6 13. Be3 0-0-0 14. h3 Ne5 15. f4 Nc4 16. Bc1 Bb4 17. Nde2 Rhe8 18. a3 Bc5+ 19. Kh1 Bf2 20. Rf1 Be3 21. Ng3 Bxc1 22. Rxc1 Nxb2 23. Nh5 Re7 24. e5 fxe5 25. fxe5 Nc4 26. Rce1 Be8 27. Ng3 Bg6 28. Nf5 Bxf5 29. Rxf5 Rde8 30. Re4 Nxe5 31. Ne2 Nd7 32. Rxe7 Rxe7 33. Nd4 c5 34. Nf3 b5 35. Rf4 a5 36. a4 b4 37. Rc4 Re3 38. Nd2 Ra3 39. Rg4 Rxa4 40. Rxg7 Ra1+ 41. Kh2 a4 42. Rg8+ Kb7 43. Rg7 a3 44. Rxh7 a2 45. Rg7 Rh1+ 0-1

[Event "Longtou Cup 1st"]
[Site "Qinhuangdao"]
[Date "2018.05.28"]
[Round "3"]
[White "Wang, Zijian"]
[Black "Solakoglu, Ozgur"]
[Result "1-0"]
[WhiteElo "1749"]
[BlackElo "2005"]
[PlyCount "81"]
[EventDate "2018.05.26"]
[EventType "swiss"]
[EventRounds "9"]
[EventCountry "CHN"]
[SourceTitle "CBM 184 Extra"]
[Source "ChessBase"]
[SourceDate "2018.06.28"]
[SourceVersion "1"]
[SourceVersionDate "2018.06.28"]
[SourceQuality "1"]

1. e4 e5 2. Nc3 Nc6 3. Bc4 Nf6 4. d3 Bc5 5. f4 d6 6. Nf3 Ng4 7. Qe2 Bf2+ 8. Kf1 Nd4 9. Nxd4 Bxd4 10. f5 Nf2 11. Rg1 Qh4 12. h3 Nxh3 13. gxh3 Bxg1 14. Kxg1 Qxh3 15. Qg2 Qxg2+ 16. Kxg2 c6 17. a4 g6 18. f6 Be6 19. Bh6 Bxc4 20. dxc4 0-0-0 21. Rh1 Rhe8 22. Be3 h5 23. Bxa7 Re6 24. Be3 Rh8 25. Bg5 Kd7 26. Kg3 Rc8 27. a5 Ra8 28. b4 b6 29. Na4 Kc7 30. Nxb6 Rd8 31. Rd1 Kb7 32. c5 Ka6 33. c4 Kb7 34. b5 Kc7 35. a6 Ree8 36. a7 cxb5 37. cxb5 Kb7 38. a8Q+ Rxa8 39. Nxa8 dxc5 40. Rd7+ Kxa8 41. Rxf7 1-0

[Event "Ankara President's Cup"]
[Site "Ankara"]
[Date "2007.04.28"]
[Round "1"]
[White "Citak, Selim"]
[Black "Solakoglu, Ozgur"]
[Result "1-0"]
[WhiteElo "2358"]
[BlackElo "2113"]
[PlyCount "99"]
[EventDate "2007.04.28"]
[EventType "tourn (rapid)"]
[EventRounds "13"]
[EventCountry "TUR"]
[EventCategory "3"]
[SourceTitle "CBM 118 Extra"]
[Source "ChessBase"]
[SourceDate "2007.07.04"]
[SourceVersion "1"]
[SourceVersionDate "2007.07.04"]
[SourceQuality "1"]

1. d4 d5 2. c4 dxc4 3. e4 e5 4. Nf3 exd4 5. Bxc4 Nc6 6. 0-0 Bc5 7. Ng5 Ne5 8. Bxf7+ Nxf7 9. Nxf7 Kxf7 10. Qh5+ g6 11. Qxc5 Be6 12. Qe5 Nf6 13. Bg5 h6 14. Bxf6 Qxf6 15. Qxc7+ Qe7 16. Qg3 Rhd8 17. Nd2 Rac8 18. Rac1 Bxa2 19. b3 Kg7 20. Ra1 Rc2 21. Qd3 Rc3 22. Qb5 Rc2 23. Nf3 a6 24. Qa4 b5 25. Qxa6 Bxb3 26. Qxb5 Bf7 27. e5 d3 28. Rfd1 d2 29. Qe2 Bc4 30. Qe3 Rd3 31. Qb6 Be6 32. Ra7 Rd7 33. Rxd7 Qxd7 34. Qe3 Rc1 35. Rxc1 dxc1Q+ 36. Qxc1 Bg4 37. Qd2 Qc7 38. Qf4 Bxf3 39. gxf3 Qe7 40. Kg2 g5 41. Qf5 h5 42. h3 h4 43. Qe4 Qe6 44. Qe3 Kh6 45. f4 Qd5+ 46. Qf3 Qe6 47. fxg5+ Kxg5 48. Qg4+ Qxg4+ 49. hxg4 Kxg4 50. e6 1-0

[Event "EU-Cup 19th"]
[Site "Rethymno"]
[Date "2003.10.02"]
[Round "5.5"]
[White "Aulin Jansson, Joran"]
[Black "Solakoglu, Ozgur"]
[Result "1-0"]
[WhiteElo "2256"]
[BlackElo "2084"]
[PlyCount "37"]
[EventDate "2003.09.28"]
[EventType "team-swiss"]
[EventRounds "7"]
[EventCountry "GRE"]
[SourceTitle "CBM 098"]
[Source "ChessBase"]
[SourceDate "2004.02.03"]
[SourceVersion "1"]
[SourceVersionDate "2004.02.03"]
[SourceQuality "1"]
[WhiteTeam "Asker"]
[BlackTeam "Ankara Kolejiler"]
[WhiteTeamCountry "NOR"]
[BlackTeamCountry "TUR"]

1. Nf3 Nf6 2. d4 d5 3. c4 dxc4 4. e3 e6 5. Bxc4 Nbd7 6. 0-0 Bd6 7. Nc3 0-0 8. e4 e5 9. Bg5 Qe8 10. Re1 exd4 11. Nd5 Ng4 12. e5 Ndxe5 13. Nxe5 Bxe5 14. h3 Bh2+ 15. Kf1 Ne5 16. f4 Be6 17. Rxe5 f6 18. Rxe6 Qxe6 19. Ne7+ 1-0

[Event "EU-Cup 19th"]
[Site "Rethymno"]
[Date "2003.09.29"]
[Round "2.5"]
[White "Solakoglu, Ozgur"]
[Black "Perhinig, Robert"]
[Result "0-1"]
[WhiteElo "2084"]
[BlackElo "2215"]
[PlyCount "62"]
[EventDate "2003.09.28"]
[EventType "team-swiss"]
[EventRounds "7"]
[EventCountry "GRE"]
[SourceTitle "CBM 098"]
[Source "ChessBase"]
[SourceDate "2004.02.03"]
[SourceVersion "1"]
[SourceVersionDate "2004.02.03"]
[SourceQuality "1"]
[WhiteTeam "Ankara Kolejiler"]
[BlackTeam "Gleisdorf"]
[WhiteTeamCountry "TUR"]
[BlackTeamCountry "AUT"]

1. e4 e6 2. d4 d5 3. exd5 exd5 4. Nf3 Nf6 5. Bg5 Be7 6. Bd3 0-0 7. 0-0 Bg4 8. Nbd2 c5 9. c3 Nc6 10. Bxf6 Bxf6 11. dxc5 Qc7 12. Qc2 h6 13. h3 Bd7 14. Rad1 a5 15. Nb3 a4 16. Nbd4 Na5 17. b4 axb3 18. axb3 b6 19. cxb6 Qxb6 20. Ra1 Rab8 21. b4 Nc6 22. Nxc6 Qxc6 23. Rfc1 Rfc8 24. Ra3 Rc7 25. Nd4 Qd6 26. Qb2 Bxd4 27. cxd4 Rxc1+ 28. Qxc1 Qxb4 29. Ra7 Qxd4 30. Rxd7 Qxd3 31. Qc7 Rb1+ 0-1